| 000 | 01268nam a2200349 c 4500 | ||
|---|---|---|---|
| 001 | 16360 | ||
| 003 | ES-MaCES | ||
| 005 | 20160629131904.0 | ||
| 008 | 040405s2004 be t m000 | spa d | ||
| 020 | _a9289470143 | ||
| 035 | _aCES20040005331m | ||
| 040 |
_aES-MaCES _bspa _cES-MaCES |
||
| 110 | 2 |
_92014 _aComisión de las Comunidades Europeas |
|
| 245 | 1 | 0 |
_aInforme general sobre la actividad de la Unión Europea 2003 _cComisión Europea |
| 260 |
_aBruselas _aLuxemburgo _bOficina de Publicaciones Oficiales de las Comunidades Europeas _c2004 |
||
| 300 |
_aXV, 638 p. _c23 cm |
||
| 500 | _aÍndices | ||
| 541 | _cCompra | ||
| 650 | 4 |
_apolítica comunitaria _930776 |
|
| 650 | 4 |
_apapel de la UE _931557 |
|
| 650 | 4 |
_ainforme de actividades _928984 |
|
| 650 | 4 |
_amemoria anual _928977 |
|
| 650 | 4 |
_a2003 _931178 |
|
| 653 | 1 | 0 | _aMercado Único Europeo |
| 650 | 4 |
_926752 _aUE |
|
| 787 | 0 |
_tInforme general sobre la actividad de la Unión Europea 2004 _w(ES-MaCES)17813 |
|
| 787 | 0 |
_tXXXIII informe sobre la política de competencia 2003 _w(ES-MaCES)17615 |
|
| 787 | 0 |
_tInforme general sobre la actividad de la Unión Europea 2002 _w(ES-MaCES)15245 |
|
| 902 | _aLIB Libro | ||
| 942 |
_2CES _cBK _h1.0. |
||
| 999 |
_c16360 _d16360 |
||